Can’t Get You Out Of My Head - Kylie Minogue - All Lyrics - Statistics

General Stats
  • This quiz has been taken 105 times
  • The average score is 211 of 240
Answer Stats
Answer % Correct
can't
100%
get
100%
head
100%
head)
100%
I
100%
(I
100%
my
100%
of
100%
out
100%
you
100%
a
97%
just
97%
Just
97%
think
93%
about
91%
your
91%
La-la-la,
90%
la-la-la-la-la
90%
Boy,
87%
is
87%
all
86%
in
86%
to
86%
the
83%
ever
81%
me
80%
and
76%
stay?
76%
Stay
76%
arms
73%
it's
73%
there
73%
Won’t
73%
Won't
73%
be
71%
Every
70%
every
70%
forever
70%
day
67%
more
66%
loving
64%
night,
64%
than
64%
dare
61%
heart
59%
Don’t
57%
Set
56%
free
54%
There's
50%
secret
44%
dark
43%
Feel
43%
need
43%
leave
41%
lay?
40%
locked
34%
No matching quizzes found
Score Distribution
Percent of People with Each Score
Percentile by Number Answered
Your Score History
You have not taken this quiz